[Event "II. CLANSKA LIGA ZAHOD 2025"]
[Site "Komenda"]
[Date "2025.11.15"]
[Round "3.5"]
[White "Pajek, Tjasa"]
[Black "Sever, Florjan"]
[Result "1-0"]
[WhiteElo "1779"]
[BlackElo "1519"]
[PlyCount "139"]
[EventDate "2025.11.14"]
[WhiteTeam "SD KRKA NOVO MESTO"]
[BlackTeam "SD VRHNIKA"]

1. e4 e5 2. Nf3 Nc6 3. Bc4 Nf6 4. d3 Bc5 5. Be3 Bb6 6. Nc3 Nd4 7. Nxe5 O-O 8.
Nf3 Nxf3+ 9. Qxf3 d6 10. Bg5 Bd4 11. h3 Re8 12. O-O c6 13. Be3 Bb6 14. Bxb6
Qxb6 15. Bb3 Be6 16. Rad1 Red8 17. d4 d5 18. e5 Nd7 19. Ne2 a5 20. a4 f6 21.
Nf4 Re8 22. Nxe6 Rxe6 23. c4 Kh8 24. cxd5 cxd5 25. Bxd5 Ree8 26. Bxb7 Ra7 27.
Bc6 fxe5 28. Bxd7 Rxd7 29. dxe5 Rde7 30. Rd5 h6 31. Qc3 Ra8 32. Rfd1 Ree8 33.
Rb5 Qa6 34. Rd6 Qc8 35. Qxc8 Rexc8 36. Rdd5 Rc1+ 37. Kh2 Rc2 38. f3 Re8 39.
Rxa5 Rxb2 40. Rab5 Ra2 41. a5 Kg8 42. Rb6 Kh7 43. a6 Kg8 44. e6 Kh7 45. Rd7 Ra5
46. a7 Ra8 47. e7 Re8 48. Rd8 Rxe7 49. a8=Q Rxa8 50. Rxa8 Rf7 51. Rab8 Re7 52.
R6b7 Re6 53. Rb6 Re7 54. R8b7 Re8 55. Kg3 Rf8 56. Rd7 Rg8 57. Rbb7 Kh8 58. Rxg7
Rxg7+ 59. Rxg7 Kxg7 60. Kg4 Kh7 61. Kh5 Kg7 62. f4 Kh7 63. g4 Kg7 64. f5 Kh7
65. f6 Kg8 66. Kxh6 Kf8 67. Kg6 Kg8 68. f7+ Kf8 69. h4 Ke7 70. Kg7 1-0

[Event "II. CLANSKA LIGA ZAHOD 2025"]
[Site "Komenda"]
[Date "2025.11.16"]
[Round "4.1"]
[White "Skrbec, Leon"]
[Black "Kobal, Peter"]
[Result "1-0"]
[WhiteElo "2276"]
[BlackElo "1894"]
[PlyCount "83"]
[EventDate "2025.11.14"]
[WhiteTeam "SK POSTOJNA"]
[BlackTeam "SD VRHNIKA"]

1. e4 c5 2. Nf3 d6 3. d4 cxd4 4. Nxd4 Nf6 5. Nc3 g6 6. Be3 Bg7 7. f3 O-O 8. Qd2
Nc6 9. O-O-O d5 10. Qe1 e6 11. g4 Nb4 12. a3 a5 13. axb4 axb4 14. Nb1 Bd7 15.
e5 Ra2 16. g5 Ng4 17. fxg4 Bxe5 18. Qxb4 Qc7 19. Qc3 Qd6 20. Qb3 Ra4 21. Be2
Rb4 22. Qa3 Qb6 23. Nf5 d4 24. Rxd4 Bxd4 25. Bxd4 Rxd4 26. Nxd4 Qxd4 27. Qd3
Qf4+ 28. Qd2 Qa4 29. Rd1 Rc8 30. c3 Bc6 31. Qd4 Qa1 32. Bd3 b5 33. h4 Qa5 34.
Qe5 Bf3 35. Be2 Bxe2 36. Qxe2 b4 37. Rd3 Qc5 38. Qe3 Qc4 39. Qd4 Qb5 40. Qd7
Qc5 41. Qd4 bxc3 42. Nxc3 1-0

[Event "II. CLANSKA LIGA ZAHOD 2025"]
[Site "Komenda"]
[Date "2025.11.16"]
[Round "4.1"]
[White "Praznik, Nikolaj"]
[Black "Hrescak, Ivana"]
[Result "0-1"]
[WhiteElo "1463"]
[BlackElo "2120"]
[PlyCount "90"]
[EventDate "2025.11.14"]
[WhiteTeam "SD VRHNIKA"]
[BlackTeam "SK POSTOJNA"]

1. e4 c5 2. Nf3 d6 3. Bb5+ Bd7 4. Bxd7+ Qxd7 5. O-O Nc6 6. d4 cxd4 7. Nxd4 Nf6
8. Nc3 g6 9. Re1 Bg7 10. Nxc6 bxc6 11. Rb1 O-O 12. Bf4 Ng4 13. h3 Ne5 14. Bxe5
Bxe5 15. Ne2 Qc7 16. Nd4 Rab8 17. b3 Rb4 18. Nf3 Bg7 19. Qd2 Rfb8 20. Qd3 Qa5
21. a4 Qc5 22. Nd2 Rd4 23. Qe3 Qxc2 24. Nf3 Rdb4 25. Qxa7 R4b7 26. Qa6 c5 27.
Qc6 Rxb3 28. Rxb3 Qxb3 29. Qd7 Bf6 30. e5 dxe5 31. Nxe5 Qc3 32. Nf3 Kg7 33. Rd1
Qc2 34. Rd2 Qe4 35. Rd1 Ra8 36. Qc7 c4 37. Rc1 c3 38. a5 Qa4 39. Ne5 Rxa5 40.
Ng4 Qa3 41. Qf4 Bg5 42. Qd4+ e5 43. Qb6 Qxc1+ 44. Kh2 Ra1 45. Kg3 Qf4# 0-1

[Event "II. CLANSKA LIGA ZAHOD 2025"]
[Site "Komenda"]
[Date "2025.11.16"]
[Round "4.1"]
[White "Cepon, Dusan"]
[Black "Sever, Florjan"]
[Result "1-0"]
[WhiteElo "2012"]
[BlackElo "1519"]
[PlyCount "135"]
[EventDate "2025.11.14"]
[WhiteTeam "SK POSTOJNA"]
[BlackTeam "SD VRHNIKA"]

1. d4 d5 2. c4 e6 3. Nf3 Nf6 4. g3 Nbd7 5. Bg2 c5 6. cxd5 exd5 7. O-O Be7 8.
Nc3 c4 9. Nh4 Nb6 10. a4 a5 11. Bf4 Bd6 12. Qc1 O-O 13. Be5 Be6 14. Rd1 Qc7 15.
Nb5 Qd7 16. Bxd6 Rfd8 17. Be5 Ne8 18. Nc3 f6 19. Bf4 g5 20. Bxg5 fxg5 21. Qxg5+
Ng7 22. Nf3 Rf8 23. Ne5 Qe8 24. e4 Rd8 25. Ng4 Bxg4 26. Qxg4 dxe4 27. Qxe4 Qxe4
28. Bxe4 Rd7 29. d5 Nf5 30. Rd2 Nd6 31. Bc2 Rfd8 32. Re1 Nbc8 33. Kg2 Ne7 34.
Rd4 Ndf5 35. Bxf5 Nxf5 36. Rxc4 Ne7 37. Rg4+ Kf8 38. Re5 Ng6 39. Rf5+ Kg7 40.
h4 Kh8 41. d6 b6 42. Ne4 Rf8 43. Rb5 Rb8 44. h5 Nf8 45. Rbg5 Ne6 46. Rg8+ Rxg8
47. Rxg8+ Kxg8 48. Nf6+ Kf7 49. Nxd7 Nc5 50. Nxc5 bxc5 51. Kf3 Ke6 52. d7 Kxd7
53. Ke4 Ke6 54. g4 h6 55. f4 Kd6 56. g5 hxg5 57. fxg5 Ke6 58. b3 Kd6 59. h6 Ke6
60. h7 Kd6 61. g6 Ke7 62. Kf5 Kd6 63. h8=R Ke7 64. Ke5 c4 65. Rh7+ Kf8 66. Kf6
Kg8 67. Rc7 Kh8 68. Rc8# 1-0

[Event "II. CLANSKA LIGA ZAHOD 2025"]
[Site "Komenda"]
[Date "2025.11.16"]
[Round "4.2"]
[White "Bratovic, Blaz"]
[Black "Zirkelbach, Maj"]
[Result "0-1"]
[WhiteElo "2292"]
[BlackElo "2260"]
[PlyCount "82"]
[EventDate "2025.11.14"]
[WhiteTeam "SD GORENJKA LESCE"]
[BlackTeam "SD KRKA NOVO MESTO"]

1. e4 e5 2. Nf3 Nc6 3. Bb5 Nf6 4. O-O Nxe4 5. Re1 Nd6 6. a4 Be7 7. Nc3 O-O 8.
d4 Nxb5 9. axb5 Nxd4 10. Nxd4 exd4 11. Nd5 Bf6 12. Qf3 d6 13. Nxf6+ Qxf6 14.
Qxf6 gxf6 15. Bh6 Rd8 16. Re7 c5 17. b6 a5 18. Ra3 Bf5 19. Rxb7 Bxc2 20. Rg3+
Bg6 21. Rc7 Rac8 22. h4 Rxc7 23. bxc7 Rc8 24. Rb3 Bf5 25. Rg3+ Kh8 26. Bg7+ Kg8
27. Bxf6+ Kf8 28. Bd8 a4 29. Kf1 c4 30. Rg5 Bd3+ 31. Ke1 f5 32. Kd2 Kf7 33. h5
Ke6 34. h6 Ra8 35. Rg7 f4 36. Re7+ Kd5 37. Rf7 Bg6 38. Rxf4 a3 39. bxa3 c3+ 40.
Kc1 Rxa3 41. Kd1 d3 0-1

[Event "II. CLANSKA LIGA ZAHOD 2025"]
[Site "Komenda"]
[Date "2025.11.16"]
[Round "4.2"]
[White "Kastelic, Marjan"]
[Black "Mencinger, Vojko"]
[Result "0-1"]
[WhiteElo "2242"]
[BlackElo "2259"]
[PlyCount "60"]
[EventDate "2025.11.14"]
[WhiteTeam "SD KRKA NOVO MESTO"]
[BlackTeam "SD GORENJKA LESCE"]

1. c4 e5 2. Nc3 Nf6 3. g3 c6 4. d4 d6 5. Bg2 Be7 6. Nf3 Nbd7 7. d5 cxd5 8. cxd5
O-O 9. O-O Nb6 10. b3 Bg4 11. Nd2 Rc8 12. Bb2 Qd7 13. a4 Bh3 14. e4 Bxg2 15.
Kxg2 a5 16. Rc1 Ne8 17. Qe2 Bg5 18. f4 exf4 19. gxf4 Bd8 20. Nb5 Rxc1 21. Bxc1
f5 22. Nc4 Nf6 23. exf5 Re8 24. Qd3 Nxc4 25. bxc4 Bb6 26. Bd2 Ne4 27. Be3 Qxf5
28. Qe2 Nf6 29. Rf3 Qg4+ 30. Kf1 Bxe3 0-1

[Event "II. CLANSKA LIGA ZAHOD 2025"]
[Site "Komenda"]
[Date "2025.11.16"]
[Round "4.2"]
[White "Mali, Miha"]
[Black "Zupancic, Jernej"]
[Result "1/2-1/2"]
[WhiteElo "1965"]
[BlackElo "2197"]
[PlyCount "97"]
[EventDate "2025.11.14"]
[WhiteTeam "SD GORENJKA LESCE"]
[BlackTeam "SD KRKA NOVO MESTO"]

1. e4 e5 2. d4 exd4 3. c3 d3 4. Bxd3 Nc6 5. Nf3 d6 6. O-O Nf6 7. Nd4 Ne5 8. Bf4
Be7 9. Bxe5 dxe5 10. Nb3 c6 11. Na3 Qc7 12. Qc2 O-O 13. Rae1 Be6 14. Kh1 g6 15.
Bc4 Qc8 16. f4 Bxa3 17. Bxe6 fxe6 18. bxa3 exf4 19. Rxf4 e5 20. Rf3 b6 21. Ref1
Qe6 22. Qf2 Kg7 23. Qh4 Qg4 24. Qf2 Qe6 25. Qh4 Rf7 26. Nd2 Raf8 27. Rh3 Kg8
28. c4 Ng4 29. Rhf3 Rxf3 30. Rxf3 Qd7 31. Rxf8+ Kxf8 32. h3 Qxd2 33. hxg4 Qc1+
34. Kh2 Qf4+ 35. Kg1 Qe3+ 36. Kh2 Qf4+ 37. Kg1 Qf7 38. Qd8+ Kg7 39. g5 Qxc4 40.
Qe7+ Kg8 41. Qe8+ Kg7 42. Qxe5+ Kg8 43. Qb8+ Kf7 44. Qxa7+ Ke6 45. Qxb6 Qc1+
46. Kf2 Qd2+ 47. Kg1 Qe1+ 48. Kh2 Qxe4 49. Kg1 1/2-1/2

[Event "II. CLANSKA LIGA ZAHOD 2025"]
[Site "Komenda"]
[Date "2025.11.16"]
[Round "4.2"]
[White "Zupancic, Urban"]
[Black "Pavlin, Damijan"]
[Result "1-0"]
[WhiteElo "2024"]
[BlackElo "1963"]
[PlyCount "91"]
[EventDate "2025.11.14"]
[WhiteTeam "SD KRKA NOVO MESTO"]
[BlackTeam "SD GORENJKA LESCE"]

1. e4 e6 2. d4 d5 3. exd5 exd5 4. c4 Bb4+ 5. Nc3 Nf6 6. Bd3 dxc4 7. Bxc4 O-O 8.
Nge2 Bf5 9. O-O Nc6 10. Bg5 Na5 11. Bd3 Bxd3 12. Qxd3 a6 13. Qf5 Qd7 14. Qf3
Be7 15. Rad1 b5 16. Ng3 b4 17. Bxf6 Bxf6 18. Nd5 Qd8 19. Nxf6+ Qxf6 20. Qxf6
gxf6 21. Nh5 Rfd8 22. d5 Rd6 23. Rc1 Rc8 24. Rc5 Nb7 25. Rc4 Kf8 26. Rfc1 Rxd5
27. Nxf6 Rd2 28. Rxb4 Nd6 29. Nxh7+ Kg7 30. Ng5 c5 31. Rb3 c4 32. Rb6 c3 33.
bxc3 Rxc3 34. Rf1 Rd5 35. Rxd6 Rxd6 36. Ne4 Rdc6 37. Nxc3 Rxc3 38. Ra1 a5 39.
a4 Kf6 40. Kf1 Rc2 41. Ra3 Ke5 42. Rb3 Kd4 43. Rb5 Rc1+ 44. Ke2 Rc2+ 45. Kf3
Rc3+ 46. Kf4 1-0

[Event "II. CLANSKA LIGA ZAHOD 2025"]
[Site "Komenda"]
[Date "2025.11.16"]
[Round "4.2"]
[White "Lanjscek, Miha"]
[Black "Markocic, Spela"]
[Result "0-1"]
[WhiteElo "1842"]
[BlackElo "1897"]
[PlyCount "92"]
[EventDate "2025.11.14"]
[WhiteTeam "SD GORENJKA LESCE"]
[BlackTeam "SD KRKA NOVO MESTO"]

1. d4 Nf6 2. c4 g6 3. Nc3 Bg7 4. e4 d6 5. Nf3 O-O 6. Be2 c5 7. d5 Bg4 8. Nd2
Bxe2 9. Qxe2 e6 10. O-O Re8 11. Qd3 exd5 12. cxd5 Na6 13. a3 Nc7 14. f4 b5 15.
f5 a5 16. fxg6 fxg6 17. Nxb5 Nxb5 18. Qxb5 Nxe4 19. Nxe4 Rxe4 20. Qb7 Re7 21.
Qc6 Rc8 22. Qa6 Ra8 23. Qc6 Rc7 24. Qb6 Bd4+ 25. Kh1 Rf7 26. Qb5 Rb8 27. Qc4
Qe7 28. Rb1 Rxf1+ 29. Qxf1 Rf8 30. Qd1 Qe4 31. Bh6 Rf2 32. Qg1 Qh4 33. Re1 Qxh6
34. Re8+ Rf8 35. Qe1 Rxe8 36. Qxe8+ Qf8 37. Qe2 Qf7 38. b4 cxb4 39. axb4 axb4
40. h4 b3 41. Qb5 b2 42. h5 g5 43. Qb8+ Kg7 44. h6+ Kxh6 45. Qxd6+ Kg7 46. Qb4
Qh5# 0-1

[Event "II. CLANSKA LIGA ZAHOD 2025"]
[Site "Komenda"]
[Date "2025.11.16"]
[Round "4.3"]
[White "Cibej, Marjan"]
[Black "Simnic, Franci"]
[Result "1-0"]
[WhiteElo "2100"]
[BlackElo "1834"]
[PlyCount "64"]
[EventDate "2025.11.14"]
[WhiteTeam "SK RIMEX ILIRSKA BISTRICA"]
[BlackTeam "SD RADOVLJICA"]

1. e4 c5 2. b4 e6 3. bxc5 Bxc5 4. d4 Bb4+ 5. c3 Ba5 6. Bd3 Qc7 7. Ne2 d6 8. O-O
Nf6 9. Ba3 O-O 10. e5 dxe5 11. Bxf8 Kxf8 12. dxe5 Qxe5 13. Nd2 Bc7 14. Nf3 Qh5
15. Rb1 Nc6 16. Rb5 e5 17. Ng3 Qg4 18. Re1 a6 19. Rb2 b5 20. Ne4 Nh5 21. h3 Qf4
22. Nfg5 g6 23. Re3 Qf5 24. g4 Qd7 25. gxh5 h6 26. Nf6 Qe7 27. Ngh7+ Kg7 28.
Be4 Bb7 29. hxg6 Rd8 30. Qg4 Bc8 31. Qg3 Rd6 32. gxf7+ Kxf7 1-0

[Event "II. CLANSKA LIGA ZAHOD 2025"]
[Site "Komenda"]
[Date "2025.11.16"]
[Round "4.3"]
[White "Krivec, Metod"]
[Black "Sajn, Simon"]
[Result "0-1"]
[WhiteElo "1840"]
[BlackElo "2084"]
[PlyCount "108"]
[EventDate "2025.11.14"]
[WhiteTeam "SD RADOVLJICA"]
[BlackTeam "SK RIMEX ILIRSKA BISTRICA"]

1. d4 f5 2. g3 Nf6 3. Bg2 e6 4. Nh3 Be7 5. Nd2 Nc6 6. e3 O-O 7. O-O d5 8. c4
Ne4 9. Qe2 Bf6 10. Nf4 Ne7 11. f3 Nd6 12. Nh5 Bg5 13. b3 c6 14. Bb2 Bh6 15. Nf4
g5 16. Nd3 Ng6 17. e4 f4 18. Rae1 Bg7 19. c5 Nb5 20. e5 h5 21. g4 hxg4 22. fxg4
Rf7 23. Nf3 Bf8 24. Rc1 Rh7 25. Rc2 Be7 26. Rfc1 Bd7 27. Qd2 Be8 28. a4 Nc7 29.
Bc3 Nh4 30. Nxh4 Rxh4 31. Nf2 Bg6 32. Rb2 Kg7 33. Qe2 Qh8 34. h3 Qh7 35. Re1
Rf8 36. Qf3 Qg8 37. b4 a6 38. Bf1 Ra8 39. Bd3 Qh7 40. Kg2 Rb8 41. a5 Rf8 42.
Rd2 Kf7 43. Bxg6+ Qxg6 44. Qd3 Qg7 45. Qf3 Nb5 46. Bb2 Ke8 47. Rd3 Kd7 48. Rb3
Bd8 49. Qe2 Na7 50. Rf3 Nc8 51. Qd3 Ne7 52. Re2 Ng6 53. Qb3 Rh7 54. Rc3 f3+ 0-1

[Event "II. CLANSKA LIGA ZAHOD 2025"]
[Site "Komenda"]
[Date "2025.11.16"]
[Round "4.3"]
[White "Solmajer, Luka"]
[Black "Torkar, Boris"]
[Result "1-0"]
[WhiteElo "2004"]
[BlackElo "1858"]
[PlyCount "105"]
[EventDate "2025.11.14"]
[WhiteTeam "SK RIMEX ILIRSKA BISTRICA"]
[BlackTeam "SD RADOVLJICA"]

1. d4 d5 2. c4 c6 3. Nf3 e6 4. e3 Bd6 5. b3 Nf6 6. Nbd2 O-O 7. Bd3 b6 8. Bb2
Bb7 9. O-O Nbd7 10. Ne5 Re8 11. f4 Nf8 12. g4 c5 13. g5 Bxe5 14. fxe5 Ne4 15.
Bxe4 dxe4 16. Qg4 Ng6 17. h4 Nxe5 18. Qg3 Nf3+ 19. Nxf3 exf3 20. dxc5 Qd2 21.
Rf2 Qxe3 22. Qc7 Qe4 23. cxb6 axb6 24. Qe5 Qg4+ 25. Kf1 f6 26. gxf6 Rf8 27.
fxg7 Rf4 28. Qg5 Qh3+ 29. Ke1 Rxh4 30. Kd2 Rg4 31. Qf6 Rg2 32. Raf1 Qg4 33. a4
Re8 34. Bd4 Rxf2+ 35. Rxf2 e5 36. Bxe5 Qd7+ 37. Kc3 Qd1 38. Bd4 Qe1+ 39. Kb2
Be4 40. Bxb6 Qb1+ 41. Ka3 Bc2 42. Qc3 Qc1+ 43. Kb4 Re2 44. Rxf3 Re8 45. Rf2 Qh6
46. a5 Bg6 47. Bd4 Bf7 48. Ka3 Qd6+ 49. Kb2 Re4 50. Rd2 Qe6 51. Qb4 Qe8 52. Bf6
Re2 53. Qf8+ 1-0

[Event "II. CLANSKA LIGA ZAHOD 2025"]
[Site "Komenda"]
[Date "2025.11.16"]
[Round "4.3"]
[White "Bec, Alojz"]
[Black "Bradac, Simon"]
[Result "0-1"]
[WhiteElo "1865"]
[BlackElo "1920"]
[PlyCount "42"]
[EventDate "2025.11.14"]
[WhiteTeam "SD RADOVLJICA"]
[BlackTeam "SK RIMEX ILIRSKA BISTRICA"]

1. e4 e6 2. Bc4 d5 3. exd5 exd5 4. Bb3 c5 5. a3 Nc6 6. c3 Nf6 7. h3 Bd6 8. Nf3
O-O 9. O-O h6 10. Bc2 Re8 11. d4 cxd4 12. Nxd4 Ne4 13. Be3 Ne5 14. Nd2 Nxd2 15.
Bxd2 Nc4 16. Bc1 Qh4 17. Nf3 Qh5 18. Qd3 Re4 19. Qd1 Bxh3 20. Bxe4 dxe4 21. Nd4
Bg4 0-1

[Event "II. CLANSKA LIGA ZAHOD 2025"]
[Site "Komenda"]
[Date "2025.11.16"]
[Round "4.3"]
[White "Rolih, Miran"]
[Black "Blaznik, Vojko"]
[Result "1-0"]
[WhiteElo "1916"]
[BlackElo "1791"]
[PlyCount "83"]
[EventDate "2025.11.14"]
[WhiteTeam "SK RIMEX ILIRSKA BISTRICA"]
[BlackTeam "SD RADOVLJICA"]

1. e4 c5 2. Nf3 e6 3. d3 d6 4. g3 Nc6 5. Bg2 Nf6 6. O-O Be7 7. Nbd2 O-O 8. a4
a6 9. Re1 e5 10. Nc4 Bg4 11. h3 Bh5 12. g4 Bg6 13. a5 Re8 14. Nh4 Nd7 15. Nf5
Bxf5 16. gxf5 b5 17. axb6 Nxb6 18. Ne3 Bg5 19. Kh1 a5 20. Ng4 a4 21. f4 Bh4 22.
Rf1 exf4 23. Bxf4 Ne5 24. Ne3 Bg5 25. Qh5 h6 26. h4 Bxh4 27. Rg1 Bg5 28. Raf1
Bxf4 29. Rxf4 Qg5 30. Qh2 Qf6 31. Bf1 Kh7 32. c3 a3 33. bxa3 Rxa3 34. Qb2 Ra6
35. d4 cxd4 36. Bxa6 Na4 37. Qb5 Nd3 38. Qxd3 Nc5 39. Nd5 Nxd3 40. Nxf6+ gxf6
41. Bxd3 dxc3 42. Rfg4 1-0

[Event "II. CLANSKA LIGA ZAHOD 2025"]
[Site "Komenda"]
[Date "2025.11.16"]
[Round "4.3"]
[White "Zupan, Luka"]
[Black "Delost, Josko"]
[Result "0-1"]
[WhiteElo "1514"]
[BlackElo "1798"]
[PlyCount "106"]
[EventDate "2025.11.14"]
[WhiteTeam "SD RADOVLJICA"]
[BlackTeam "SK RIMEX ILIRSKA BISTRICA"]

1. e4 e6 2. d4 d5 3. exd5 exd5 4. Nf3 Bd6 5. Bd3 Bg4 6. O-O Ne7 7. Be3 Nbc6 8.
h3 Bh5 9. Nbd2 O-O 10. c4 dxc4 11. Nxc4 Bg6 12. Nxd6 Qxd6 13. Rc1 Bxd3 14. Qxd3
Nb4 15. Qb3 Nbd5 16. Bd2 Rfe8 17. Rfe1 b6 18. Qc2 f6 19. Re2 Ng6 20. Rce1 Rxe2
21. Rxe2 Nge7 22. Nh2 g6 23. Nf1 Kf7 24. Ne3 Re8 25. Kf1 a5 26. a3 Nxe3+ 27.
Bxe3 Nf5 28. Kg1 Nxd4 29. Qc4+ Ne6 30. Rd2 Qe5 31. Rd7+ Re7 32. Rxe7+ Kxe7 33.
Qc2 c5 34. Qb3 Qd6 35. g3 Qc6 36. h4 b5 37. Qd3 b4 38. Qd2 Qd7 39. Qc2 Qc6 40.
Qd2 Qb5 41. Qc2 c4 42. a4 Qc6 43. b3 c3 44. Kh2 Qd5 45. Bb6 Nd4 46. Bxd4 Qxd4
47. Qe2+ Qe5 48. Qf3 Kf7 49. Qb7+ Kg8 50. Qc8+ Kg7 51. Qd7+ Kh6 52. Qd3 Qc5 53.
Qc2 Qd4 0-1

[Event "II. CLANSKA LIGA ZAHOD 2025"]
[Site "Komenda"]
[Date "2025.11.16"]
[Round "4.4"]
[White "Kerma, Simon"]
[Black "Rodman, Franc"]
[Result "1/2-1/2"]
[WhiteElo "2075"]
[BlackElo "1978"]
[PlyCount "159"]
[EventDate "2025.11.14"]
[WhiteTeam "SK VAL KOPER"]
[BlackTeam "SD JESENICE"]

1. d4 Nf6 2. g3 g6 3. Bg2 Bg7 4. b3 c5 5. e3 O-O 6. Bb2 Qc7 7. c4 d6 8. Nc3 a6
9. Nge2 Nbd7 10. O-O Rb8 11. Rc1 b5 12. cxb5 axb5 13. a4 bxa4 14. Nxa4 Nb6 15.
dxc5 Nxa4 16. cxd6 Qxd6 17. Qxd6 exd6 18. Bxf6 Bxf6 19. bxa4 Rb2 20. Nf4 Bd7
21. Bc6 Bxc6 22. Rxc6 Ra8 23. Rxd6 Kg7 24. Nd5 Be5 25. Rb6 Rxa4 26. Rxb2 Bxb2
27. Kg2 Ra1 28. Rxa1 Bxa1 29. f4 f5 30. Kf3 h5 31. h3 Bb2 32. g4 hxg4+ 33. hxg4
Ba3 34. g5 Kf7 35. e4 fxe4+ 36. Kxe4 Bd6 37. Ne3 Bb8 38. Ng4 Ba7 39. Kd5 Bb6
40. Ne5+ Kg7 41. Nd7 Ba5 42. Nf6 Bd2 43. Ke4 Bc3 44. Nd5 Ba5 45. Ke5 Bd2 46.
Ke6 Bc1 47. Ke7 Bd2 48. Ke8 Bc1 49. Nc7 Ba3 50. Ne6+ Kg8 51. Nc7 Bc1 52. Nd5
Ba3 53. Nc7 Bc1 54. Ne6 Ba3 55. Kd7 Bb4 56. Nc7 Bd2 57. Nd5 Kf7 58. Kd6 Bc1 59.
Ke5 Ba3 60. Ne3 Be7 61. Ng4 Bb4 62. Nh6+ Kg7 63. Ng4 Bd2 64. Nf2 Ba5 65. Ke6
Bd2 66. Nd3 Be3 67. Ke7 Bd2 68. Ke8 Be3 69. Ke7 Bd2 70. Ke6 Be3 71. Ke5 Bd2 72.
Nc5 Bc1 73. Ke4 Bd2 74. Nd7 Bc1 75. Ne5 Bd2 76. Nd3 Bc3 77. Kd5 Bd2 78. Nc5 Kf7
79. Ne6 Bc1 80. Nd8+ 1/2-1/2

[Event "II. CLANSKA LIGA ZAHOD 2025"]
[Site "Komenda"]
[Date "2025.11.16"]
[Round "4.4"]
[White "Jeraj, Zlatko"]
[Black "Starc, Enej"]
[Result "1-0"]
[WhiteElo "2001"]
[BlackElo "1961"]
[PlyCount "83"]
[EventDate "2025.11.14"]
[WhiteTeam "SD JESENICE"]
[BlackTeam "SK VAL KOPER"]

1. d4 d5 2. c4 dxc4 3. Nc3 a6 4. a4 Nc6 5. Nf3 Bg4 6. e3 Na5 7. h3 Bxf3 8. Qxf3
e6 9. Bd2 Bb4 10. Be2 Nf6 11. O-O Nd5 12. Rad1 Nxc3 13. bxc3 Bd6 14. e4 Qf6 15.
Qe3 e5 16. f4 exf4 17. Qf2 Qe7 18. e5 Ba3 19. Bxf4 O-O-O 20. Bg3 h5 21. Bh4 g5
22. Qf5+ Qe6 23. Bxg5 Qxf5 24. Rxf5 b5 25. Bxd8 Rxd8 26. Bxh5 Bb2 27. Bg4 Kb8
28. axb5 Bxc3 29. bxa6 Nc6 30. Rxf7 Bxd4+ 31. Kh1 Nxe5 32. Rb1+ Bb6 33. Rf4 Ka7
34. Re4 Rd5 35. Be2 c3 36. Rc1 Nd3 37. Bxd3 Rxd3 38. Rc4 Ba5 39. Rc6 Rd6 40.
R1xc3 Bxc3 41. Rxc7+ Kxa6 42. Rxc3 1-0

[Event "II. CLANSKA LIGA ZAHOD 2025"]
[Site "Komenda"]
[Date "2025.11.16"]
[Round "4.4"]
[White "Ivanovic, Andrej"]
[Black "Pazlar, Marko"]
[Result "1-0"]
[WhiteElo "2016"]
[BlackElo "1977"]
[PlyCount "67"]
[EventDate "2025.11.14"]
[WhiteTeam "SK VAL KOPER"]
[BlackTeam "SD JESENICE"]

1. d4 e6 2. c4 f5 3. g3 Nf6 4. Bg2 Bb4+ 5. Bd2 Be7 6. Nh3 O-O 7. O-O d5 8. Qc2
Ne4 9. f3 Nxd2 10. Nxd2 Bf6 11. e3 c6 12. f4 Na6 13. Nf3 Bd7 14. Ne5 Bxe5 15.
fxe5 g5 16. Rab1 Be8 17. cxd5 cxd5 18. Qb3 Bc6 19. Qa3 h6 20. Rbc1 Bb5 21. Rf2
Rc8 22. Rfc2 Rxc2 23. Rxc2 Qd7 24. Qc3 Bc6 25. Bf1 Nc7 26. Nf2 Rc8 27. Qc5 a6
28. Nd3 Na8 29. Nb4 b6 30. Qd6 Qxd6 31. exd6 Bd7 32. Rxc8+ Bxc8 33. Bxa6 Bxa6
34. d7 1-0

[Event "II. CLANSKA LIGA ZAHOD 2025"]
[Site "Komenda"]
[Date "2025.11.16"]
[Round "4.4"]
[White "Ravnik, Franc"]
[Black "Cepin, Nik"]
[Result "1-0"]
[WhiteElo "1832"]
[BlackElo "1719"]
[PlyCount "67"]
[EventDate "2025.11.14"]
[WhiteTeam "SD JESENICE"]
[BlackTeam "SK VAL KOPER"]

1. e4 e5 2. Nf3 Nc6 3. Bc4 Nf6 4. O-O h6 5. Nc3 d6 6. d4 Bg4 7. dxe5 Nxe5 8.
Be2 Nxf3+ 9. Bxf3 Bxf3 10. Qxf3 c6 11. Bf4 Be7 12. Rad1 Qc7 13. Rfe1 Nd7 14.
Qg3 Ne5 15. Bxe5 dxe5 16. Qxg7 Rf8 17. Qxh6 Bc5 18. Rd3 Bd4 19. Qg5 f6 20. Qg6+
Rf7 21. Qg8+ Rf8 22. Qe6+ Qe7 23. Qf5 Rg8 24. Red1 Rg5 25. Qh3 Qf7 26. Ne2 Rh5
27. Qf3 O-O-O 28. c3 Qh7 29. h3 f5 30. cxd4 exd4 31. Rxd4 Rg8 32. R1d3 c5 33.
Rd7 Qg6 34. exf5 1-0

[Event "II. CLANSKA LIGA ZAHOD 2025"]
[Site "Komenda"]
[Date "2025.11.16"]
[Round "4.4"]
[White "Cepin, Drago"]
[Black "Kljucanin, Fahrudin"]
[Result "1-0"]
[WhiteElo "1710"]
[BlackElo "1677"]
[PlyCount "70"]
[EventDate "2025.11.14"]
[WhiteTeam "SK VAL KOPER"]
[BlackTeam "SD JESENICE"]

1. e4 e6 2. d4 b6 3. Nc3 a6 4. f4 Bb7 5. Nf3 Be7 6. Bd3 d6 7. O-O Nd7 8. Qe1 c5
9. Qg3 cxd4 10. Nxd4 Bf6 11. Be3 Ne7 12. Nf3 g6 13. Bd4 Bxd4+ 14. Nxd4 e5 15.
Nf3 Qc7 16. fxe5 Nxe5 17. Ng5 h6 18. Nf3 b5 19. Nxe5 dxe5 20. Rf6 Rf8 21. Raf1
Ng8 22. R6f2 Bc6 23. Nd5 Bxd5 24. exd5 O-O-O 25. c4 b4 26. Bxg6 f6 27. Bf5+ Kb8
28. Qe3 Qa7 29. Qb3 Qc5 30. a3 a5 31. axb4 axb4 32. Ra1 Kc7 33. Ra6 Rd6 34.
Rxd6 Kxd6 35. Qa4 Rb8 1-0

[Event "II. CLANSKA LIGA ZAHOD 2025"]
[Site "Komenda"]
[Date "2025.11.16"]
[Round "4.5"]
[White "Demsar, Maks"]
[Black "Markoja Jeraj, Sebastijan"]
[Result "1-0"]
[WhiteElo "2116"]
[BlackElo "2212"]
[PlyCount "85"]
[EventDate "2025.11.14"]
[WhiteTeam "DRUSTVO TOMO ZUPAN"]
[BlackTeam "SK DOL PRI LJUBLJANI"]

1. e4 c5 2. Nf3 d6 3. d4 cxd4 4. Nxd4 Nf6 5. Nc3 a6 6. h3 e5 7. Nde2 h5 8. g3
Be7 9. Bg2 b5 10. Nd5 Nbd7 11. Be3 Bb7 12. Nec3 Rc8 13. a4 Nxd5 14. Nxd5 Bg5
15. axb5 axb5 16. Bxg5 Qxg5 17. Nc3 O-O 18. Nxb5 Nc5 19. Qe2 Ba6 20. b4 Bxb5
21. Qxb5 Ne6 22. h4 Qg4 23. O-O Nd4 24. Qd5 g5 25. Qxd6 gxh4 26. Qxe5 Ne2+ 27.
Kh2 Rfe8 28. Qf6 Rxe4 29. Ra3 Re6 30. Qa1 hxg3+ 31. fxg3 h4 32. gxh4 Rg6 33.
Bh3 Qxb4 34. Bxc8 Qd6+ 35. Kh1 Ng3+ 36. Rxg3 Qxg3 37. Qa8 Qxh4+ 38. Bh3+ Kg7
39. Qf3 Rg3 40. Qxf7+ Kh8 41. Qf8+ Rg8 42. Qf6+ Qxf6 43. Rxf6 1-0

[Event "II. CLANSKA LIGA ZAHOD 2025"]
[Site "Komenda"]
[Date "2025.11.16"]
[Round "4.5"]
[White "Kampus, Andrej"]
[Black "Rozman, Mitja"]
[Result "1/2-1/2"]
[WhiteElo "2066"]
[BlackElo "1983"]
[PlyCount "51"]
[EventDate "2025.11.14"]
[WhiteTeam "SK DOL PRI LJUBLJANI"]
[BlackTeam "DRUSTVO TOMO ZUPAN"]

1. e4 e5 2. Bc4 Nc6 3. Nc3 Bc5 4. Qg4 Bf8 5. Qf3 Nf6 6. Nge2 Na5 7. Bb3 Nxb3 8.
axb3 c6 9. d3 g6 10. O-O Bg7 11. Qg3 d6 12. f4 exf4 13. Nxf4 O-O 14. Be3 Ng4
15. Rxa7 Rxa7 16. Bxa7 Qa5 17. Bf2 g5 18. Nh5 Be5 19. Qf3 Nxh2 20. Nf6+ Kg7 21.
Qh5 Bxf6 22. Qxh2 Qe5 23. Bg3 Qd4+ 24. Bf2 Qe5 25. Bg3 Qd4+ 26. Rf2 1/2-1/2

[Event "II. CLANSKA LIGA ZAHOD 2025"]
[Site "Komenda"]
[Date "2025.11.16"]
[Round "4.5"]
[White "Mlacnik, Franc"]
[Black "Arlic, Nejc"]
[Result "1/2-1/2"]
[WhiteElo "1972"]
[BlackElo "1838"]
[PlyCount "97"]
[EventDate "2025.11.14"]
[WhiteTeam "DRUSTVO TOMO ZUPAN"]
[BlackTeam "SK DOL PRI LJUBLJANI"]

1. e4 Nf6 2. e5 Nd5 3. Nc3 Nxc3 4. dxc3 Nc6 5. Nf3 d6 6. Bf4 Bg4 7. Bb5 a6 8.
Bxc6+ bxc6 9. Qd3 e6 10. Rd1 d5 11. O-O Be7 12. Rd2 O-O 13. c4 Qb8 14. c3 a5
15. Nd4 Qb7 16. cxd5 cxd5 17. a4 c6 18. Qg3 Bh5 19. Be3 Rfc8 20. f4 Qd7 21. f5
exf5 22. Nxf5 Bf8 23. Qh3 Kh8 24. Qxh5 g6 25. Qg5 gxf5 26. e6 fxe6 27. Bd4+ Bg7
28. Re1 Bxd4+ 29. Rxd4 Qf7 30. Qe3 c5 31. Rh4 Rc6 32. Qe5+ Qg7 33. Rh6 Re8 34.
Kf2 Qxe5 35. Rxe5 Kg7 36. Rh3 Rb6 37. Re2 e5 38. Rd3 d4 39. cxd4 cxd4 40. Rxd4
exd4 41. Rxe8 Rxb2+ 42. Kf3 Rb4 43. Re5 Rxa4 44. Rxf5 Kg6 45. Rd5 Ra3+ 46. Kf4
d3 47. Ke3 a4 48. Ra5 Kf6 49. g4 1/2-1/2